Countries Less Guessed than their Capitals - Statistics

General Stats
  • This quiz has been taken 853 times
  • The average score is 6 of 18
Answer Stats
% Difference Country % Correct Capital City % Correct % Correct
-31% Vatican City 42% Vatican City 73%
48%
-1% Andorra 39% Andorra la Vella 40%
46%
-13% Luxembourg 50% Luxembourg 63%
44%
-24% Monaco 39% Monaco 63%
44%
-23% San Marino 31% San Marino 54%
44%
-13% Singapore 43% Singapore 56%
42%
-4% Austria 70% Vienna 74%
38%
-9% Czech Republic 59% Prague 68%
36%
-8% Hungary 60% Budapest 68%
36%
-3% Belgium 70% Brussels 73%
33%
-5% Kuwait 39% Kuwait City 44%
29%
-2% Belarus 50% Minsk 52%
25%
-9% Bulgaria 51% Sofia 60%
23%
-6% Djibouti 28% Djibouti 34%
19%
-3% East Timor 24% Dili 27%
16%
-5% São Tomé and Príncipe 19% São Tomé 24%
16%
-3% El Salvador 40% San Salvador 43%
12%
-32% St. Vincent and the Grenadines 21% Kingstown 53%
12%
No matching quizzes found
Score Distribution
Percent of People with Each Score
Percentile by Number Answered
Your Score History
You have not taken this quiz